00392nam a2200133 a 450000100100000000500170001000800410002704000250006808200150009310000220010824500530013026000480018330000270023100003641020200930075721.0120117s1988 ve a 000 0 spa d aDO-SdBNPbspacBNPHU axxxbM777c1 aMontenegro, Oscar10aComo enfrentar la epilepsia /cOscar Montenegro. aCaracas :bFondo editorial Tropykos,c1988. a73 p. :bil. ;c21 cm.